[Event "Muensterland Verbandsliga playoff 1-4"]
[Site "Germany"]
[Date "2023.05.13"]
[Round "2.7"]
[White "Henke, Wolfgang1111"]
[Black "Heimann, Karsten"]
[Result "1/2-1/2"]
[WhiteElo "1676"]
[BlackElo "1662"]
[PlyCount "40"]
[EventDate "2022.03.25"]
[EventType "team-k.o."]
[EventRounds "2"]
[EventCountry "GER"]
[SourceTitle "EXT 2024"]
[Source "ChessBase"]
[SourceDate "2023.10.10"]
[SourceVersion "1"]
[SourceVersionDate "2023.10.10"]
[SourceQuality "1"]
[WhiteTeam "Beelen"]
[BlackTeam "Olfen"]
[WhiteTeamCountry "GER"]
[BlackTeamCountry "GER"]

1. e4 e6 2. d4 d5 3. Nc3 Nf6 4. Bg5 Be7 5. e5 Nfd7 6. h4 a6 7. Nf3 c5 8. dxc5 Nxc5 9. Qd4 h6 10. Bxe7 Qxe7 11. Na4 Nxa4 12. Qxa4+ Bd7 13. Qb3 b5 14. Be2 0-0 15. 0-0 Qc5 16. c3 Nc6 17. Rfc1 Na5 18. Qd1 Qc7 19. Bd3 Nc4 20. Qe2 Rac8 1/2-1/2

[Event "Muensterland Verbandsliga 2122"]
[Site "Germany"]
[Date "2021.11.13"]
[Round "2.8"]
[White "Ballmann, Juergen"]
[Black "Heimann, Karsten"]
[Result "1-0"]
[WhiteElo "1648"]
[BlackElo "1624"]
[PlyCount "95"]
[EventDate "2021.10.02"]
[EventType "team-tourn"]
[EventRounds "2"]
[EventCountry "GER"]
[SourceTitle "EXT 2023"]
[Source "ChessBase"]
[SourceDate "2022.10.05"]
[SourceVersion "1"]
[SourceVersionDate "2022.10.05"]
[SourceQuality "1"]
[WhiteTeam "Nienberge II"]
[BlackTeam "Olfen"]
[WhiteTeamCountry "GER"]
[BlackTeamCountry "GER"]

1. d4 d5 2. c4 c6 3. Nf3 Nf6 4. Nc3 e6 5. e3 Bd6 6. Bd3 0-0 7. e4 dxe4 8. Nxe4 Nxe4 9. Bxe4 Nd7 10. 0-0 Nf6 11. Bc2 h6 12. b3 Re8 13. Bb2 Bc7 14. Re1 Qd6 15. Qd3 Bd7 16. Ne5 h5 17. h3 Rad8 18. a4 Qe7 19. Ba3 Bd6 20. c5 Bc7 21. Bc1 Bc8 22. Bg5 Rd5 23. Bxf6 Qxf6 24. Qh7+ Kf8 25. Qxh5 Rxd4 26. Ng4 Qd8 27. Qh8+ Ke7 28. Qxg7 Rg8 29. Qf6+ Ke8 30. Rad1 Rxd1 31. Rxd1 Qe7 32. Bh7 Rf8 33. Qd4 Qg5 34. Re1 Ke7 35. b4 Rd8 36. Qc3 Rd2 37. Qf3 Rb2 38. Qc3 Rd2 39. Ne3 Rd8 40. Nf5+ Ke8 41. Qh8+ Kd7 42. Rd1+ Bd6 43. Rxd6+ Kc7 44. Qxd8+ Qxd8 45. Rxd8 Kxd8 46. Ne3 Ke7 47. Bd3 Bd7 48. f4 1-0

[Event "Muensterland Verbandsliga 1718"]
[Site "Germany"]
[Date "2017.09.09"]
[Round "1.8"]
[White "Heimann, Karsten"]
[Black "Redemann, Rolf"]
[Result "1-0"]
[WhiteElo "1629"]
[BlackElo "1457"]
[PlyCount "73"]
[EventDate "2017.09.09"]
[EventType "team-tourn"]
[EventRounds "9"]
[EventCountry "GER"]
[SourceTitle "EXT 2019"]
[Source "ChessBase"]
[SourceDate "2018.10.10"]
[SourceVersion "1"]
[SourceVersionDate "2018.10.10"]
[SourceQuality "1"]
[WhiteTeam "Olfen"]
[BlackTeam "Muenster SK IV"]
[WhiteTeamCountry "GER"]
[BlackTeamCountry "GER"]

1. e4 e5 2. Nf3 Nc6 3. Bb5 a6 4. Ba4 Nf6 5. 0-0 Be7 6. Re1 d6 7. c3 0-0 8. d4 b5 9. Bb3 Bg4 10. Qd3 h6 11. Nbd2 Re8 12. a4 Rb8 13. h3 Bd7 14. axb5 Rxb5 15. Bc4 Rb6 16. Rxa6 Rxa6 17. Bxa6 exd4 18. Nxd4 Ne5 19. Qe3 c6 20. N4f3 Qa5 21. Be2 Bd8 22. Nxe5 dxe5 23. Nc4 Qc7 24. Rd1 Be7 25. Qd3 Rd8 26. Qc2 Ne8 27. Be3 Rb8 28. Qd2 Be6 29. Nxe5 g5 30. Ng4 Kg7 31. Bd4+ f6 32. e5 f5 33. Nf6 Nxf6 34. exf6+ Bxf6 35. Bxf6+ Kxf6 36. b4 Bb3 37. Qd6+ 1-0